000 01136nam a2200253 a 4500
001 000020205
005 20260305073956.0
008 100727s2000 dr a 001 0 spa d
040 _aDO-SdBNP
_bspa
_cBNPHU
082 _a351.7293
_bR426l
110 1 _aRepública Dominicana.
_bComisión Presidencial para la Reforma y Modernización del Estado
_97089
245 1 0 _aLineamientos para la reforma y modernización de la administración pública /
_cPresentación Leonel Fernández Reyna.
260 _aSanto Domingo :
_bComisión Presidencial para la Reforma y Modernización del Estado,
_c2000.
300 _a84 p. :
_bil., gráfcs. ;
_c22 cm.
490 1 _aDocumentos de la Reforma
_v7
500 _aIncluye bibliografía y notas al pie de páginas.
590 _aInventariado,2018/DG
650 4 _aReforma del estado
_zRepública Dominicana
_99500
651 4 _aRepública Dominicana
_xAdministración Pública
_9657
651 0 _aRepública Dominicana
_xPolítica y gobierno
_945
700 1 _aFernández, Leonel,
_d1953-
_epresent.
_97291
830 0 _aDocumentos de la Reforma
_n7
_942799
910 _aValidado. Control de calidad EMS
999 _c19712
_d19712